Arts Administration contemporary in Nigeria (Record no. 1815)
[ view plain ]
| 000 -LEADER | |
|---|---|
| fixed length control field | 00383nam a22001337a 4500 |
| 008 - FIXED-LENGTH DATA ELEMENTS--GENERAL INFORMATION | |
| fixed length control field | 241127b |||||||| |||| 00| 0 eng d |
| 020 ## - INTERNATIONAL STANDARD BOOK NUMBER | |
| ISBN | 9780320059 |
| 100 ## - MAIN ENTRY--AUTHOR | |
| Author | Adedokun, Ademola Remi |
| 245 ## - TITLE STATEMENT | |
| Title | Arts Administration contemporary in Nigeria |
| 260 ## - PUBLICATION, DISTRIBUTION, ETC. (IMPRINT) | |
| Place of publication | Lagos |
| Name of publisher | Center for Black and African Arts and Civilization |
| Date of publication | 2001 |
| 300 ## - COLLATION | |
| Pagination | Xi,197 |
| 942 ## - ADDED ENTRY ELEMENTS (KOHA) | |
| Item type | Books |
| 050 ## - LIBRARY OF CONGRESS CALL NUMBER | |
| Classification number | NX745 |
| Item number | .A36 |
| Source of classification or shelving scheme | Not for loan | Permanent location | Current location | Date acquired | Accession No. | Full call number | Barcode. | Koha item type |
|---|---|---|---|---|---|---|---|---|
| Library of Congress Classification | Samuel Ogbemudia Main Library, University of Abuja | Samuel Ogbemudia Main Library, University of Abuja | 11/27/2024 | 2008/38135 | NX745.A36 2001 | 2024-2805 | Books | |
| Library of Congress Classification | Samuel Ogbemudia Main Library, University of Abuja | Samuel Ogbemudia Main Library, University of Abuja | 11/27/2024 | 2008/38135 | NX745.A36 2001 | 2024-2806 | Books | |
| Library of Congress Classification | Samuel Ogbemudia Main Library, University of Abuja | Samuel Ogbemudia Main Library, University of Abuja | 11/27/2024 | 2008/38135 | NX745.A36 2001 | 2024-2807 | Books |